| 000 | 01629nam a22001577a 4500 | ||
|---|---|---|---|
| 999 |
_c514561 _d514561 |
||
| 008 | 201112b ||||| |||| 00| 0 eng d | ||
| 100 |
_aVries, G. De, Rietkerk. M. and Kooger, R. _921124 |
||
| 245 | _aThe hassle factor as a psychological barrier to a green home | ||
| 260 | _aJournal of Consumer Policy | ||
| 300 | _a43(2), Jun, 2020: p.345-352 | ||
| 520 | _aIn order to reach climate goals, policymakers stimulate homeowners to invest in sustainable measures in and around their house. Unfortunately, however, the number of green home measures lacks behind. This article introduces perceived hassle as an important reason for this shortfall. It is claimed that homeowners perceive hassle during different stages of their (customer) journey towards a green home; the awareness stage, the consideration stage, and the decision stage. It is further theorized that people delay taking green home measures in order to avoid the anticipated stress caused by the accumulation of these hassles. Exploring the hassle factor as a psychological barrier to a green home can advance the successful implementation of policies that stimulate sustainable housing. On the one hand, our insights can help homeowners to overcome their obstacles to invest in green measures. On the other hand, they can help policymakers to improve their policies. It suggests de-hassling policy interventions and discusses their effectiveness. – Reproduced | ||
| 650 |
_aSustainability, Energy efficiency, Climate change, Green housing, Psychology Barriers _919299 |
||
| 773 | _aJournal of Consumer Policy | ||
| 906 | _aECOLOGICAL HOUSES | ||
| 942 | _cAR | ||